| 000 | 00467 a2200181 4500 | ||
|---|---|---|---|
| 003 | OSt | ||
| 005 | 20180116182925.0 | ||
| 008 | 160822b xxu||||| |||| 00| 0 eng d | ||
| 040 | _c0 | ||
| 050 | _a004.35 TLB | ||
| 082 | _a004.35 TLB | ||
| 100 | _aTime LIfe Books | ||
| 245 |
_aUnderstanding Computers _bSpeed and Power _cTime LIfe Books |
||
| 260 |
_aUSA _bTime Life Series _c1985 |
||
| 300 | _a128p. | ||
| 500 | _aHard Cover | ||
| 942 |
_aNBS _cBK _k004.35 TLB _2ddc |
||
| 999 |
_c348593 _d348593 |
||